000 00316 a2200109 4500
001 ART_7141
005 20260410161700.0
008 260409a
245 1 0 _aUna recesión fuera de lo común
100 1 _aLeijonhufvud, Axel
773 0 _tEnsayos Económicos
_g- Nº 53/54 (ene./jun. 2009)
_wREV620
999 _c15048
_d15048